000 01048nam a22003137a 4500
001 BR9900053
003 BR-BrBNA
005 20230928100116.0
007 ta
008 230509b bl.||||| |||| 00| 0 por d
040 _aBR-BrBNA
_bpor
_cBiblioteca Nacional de Agricultura
041 _a(Por)
072 _aF04; F01
_b2260
090 _ 2260 BR9900053
100 1 _aDuarte, F.R.
110 1 _aEscola Superior de Agricultura Luiz de Queiroz, Piracicaba, SP (Brasil)
_0Tese (Doutor em Agronomia)
245 1 _aEfeitos da atenuacao de luz e da adubacao mineral de cobertura sobre a produtividade e a qualidade de duas variedades de gengibre (Zingiber officinale Rosc.)
260 3 _aPiracicaba, SP (Brasil):
_c1998.
300 _a98 p.
500 _aBibliography p. 91-98; 21 tables; 20 illus.; Summaries (Eng, Por)
650 _aGengibre
650 _aFertilizante
650 _aVariedade
650 _aProdutividade
650 _aRadiacao Solar
650 _aSombreamento
909 _a202309
_bLucia
_c55
_dLucia Elande
942 _cBK
999 _c60380
_d60380